Random Azerbaijani Words #1 - Statistics

General Stats
  • This quiz has been taken 33 times
    10 since last reset
  • The average score is 14 of 21
Answer Stats
Azerbaijani English % Correct
Qan Blood
88%
Zəlzələ Earthquake
88%
Armud Pear
88%
Yağış Rain
88%
Xalça Carpet
75%
Bulud Cloud
75%
Od Fire
75%
Kağız Paper
75%
Dəniz Sea
75%
Ulduz Star
75%
Çəngəl Fork
63%
Ürək Heart
63%
Düyü Rice
63%
Pələng Tiger
63%
Toy Wedding
63%
Cəngavər Knight
50%
İynə Needle
50%
Əqrəb Scorpion
50%
Külək Wind
50%
Göbələk Mushroom
38%
Peyk Satellite
38%
No matching quizzes found
Score Distribution
Percent of People with Each Score
Percentile by Number Answered
Your Score History
You have not taken this quiz since the last reset